Six ideas that shaped physics / (Record no. 75868)

MARC details
000 -LEADER
fixed length control field 00730nam a22002417a 4500
005 - DATE AND TIME OF LATEST TRANSACTION
control field 20130527111644.0
010 ## - LCCN (DPL NO)
LC control number ENG-107246
020 ## - INTERNATIONAL STANDARD BOOK NUMBER
International Standard Book Number 9781259064951
Terms of availability 295.00
020 ## - INTERNATIONAL STANDARD BOOK NUMBER
International Standard Book Number 1259064956
Terms of availability 295.00
035 ## - SYSTEM CONTROL NUMBER
System control number EN-90779
037 ## - SOURCE OF ACQUISITION
Source of stock number/acquisition DBAD/PUB
082 ## - DEWEY DECIMAL CLASSIFICATION NUMBER
Classification number 536.7
100 ## - MAIN ENTRY--PERSONAL NAME
Personal name Moore, Thomas A.
245 ## - TITLE STATEMENT
Title Six ideas that shaped physics /
Statement of responsibility, etc by Thomas A. Moore
250 ## - EDITION STATEMENT
Edition statement 2nd ed
260 ## - PUBLICATION, DISTRIBUTION, ETC. (IMPRINT)
Place of publication, distribution, etc New Delhi
Name of publisher, distributor, etc tata McGraw Hill
Date of publication, distribution, etc 2013
270 ## - ADDRESS
Address P-24, Green Park Park, Extention
City New Delhi
Postal code 110095
300 ## - PHYSICAL DESCRIPTION
Extent xviii, 185p.:
Other physical details ill.
Dimensions 28cm(pbk)
500 ## - GENERAL NOTE
General note Includes index
505 ## - FORMATTED CONTENTS NOTE
Formatted contents note unit T : some processes are irreversible
650 ## - SUBJECT ADDED ENTRY--TOPICAL TERM
Topical term or geographic name as entry element Irreversible processes.
942 ## - ADDED ENTRY ELEMENTS (KOHA)
Source of classification or shelving scheme Dewey Decimal Classification
Item type English Books
Classification part 536.7
Call number suffix MOO
Holdings
Withdrawn status Lost status Not for loan Collection code Home library Current library Date acquired Source of acquisition Cost, normal purchase price Full call number Barcode Copy number Cost, replacement price Koha item type
    Not For Loan Non-fiction D.B.Act.Division D.B.Act.Division 22/05/2013 DBAD/PUB 295.00 536.7 MOO EN-90779 1 295.00 English Books

© Delhi Public Library
Hit Counter
free hit counter